Τα άνθη του κακού : τα απαγορευμένα ποιήματα
Αποθηκεύτηκε σε:
| Κύριος συγγραφέας: | |
|---|---|
| Άλλοι συγγραφείς: | , |
| Μορφή: | Βιβλίο |
| Γλώσσα: | Greek French |
| Δημοσίευση: |
Αθήνα :
Μεταίχμιο,
c2009.
|
| Σειρά: | Εικόνα και λόγος
|
| Θέματα: | |
| Ετικέτες: |
Προσθήκη ετικέτας
Δεν υπάρχουν, Καταχωρήστε ετικέτα πρώτοι!
|
MARC
| LEADER | 00000cam a2200000 a 4500 | ||
|---|---|---|---|
| 001 | 1/120943 | ||
| 008 | 200217s2009####gr | ||| |||| ||gre|| | ||
| 020 | |a 9789604556984 | ||
| 040 | |a GR-MyUa |b gre |c GR-MyUa |e AACR2 | ||
| 041 | 1 | |a gre |a fre |h fre | |
| 082 | 7 | |a 841 |2 (23) | |
| 100 | 1 | |a Baudelaire, Charles, |d 1821-1867. | |
| 245 | 1 | 3 | |a Τα άνθη του κακού : |b τα απαγορευμένα ποιήματα / |c Σαρλ Μπωντλαίρ ; μετάφραση Ερρίκος Σοφράς ; εικόνες Πατ Άντρεα. |
| 260 | |a Αθήνα : |b Μεταίχμιο, |c c2009. | ||
| 300 | |a 68 σ. : |b εικ. ; |c 27 εκ. | ||
| 490 | 1 | |a (Εικόνα και λόγος) | |
| 500 | |a Τίτλος πρωτοτύπου: Pièces condamnées tirées des Fleurs du mal. | ||
| 650 | 0 | |a French poetry. | |
| 700 | 1 | |a Σοφράς, Ερρίκος. | |
| 700 | 1 | |a Andrea, Pat, |d 1942- |e ill | |
| 830 | 0 | |a Εικόνα και λόγος | |
| 920 | |a Κουλουράκη |b Μαρίνα |y Σύρος |z 2020-02 | ||
| 970 | |a Κοντού |b Παρασκευή |z 17/02/2020 | ||